Boletín técnico N§ 1 al boletín técnico N§ 73: desde enero de 1973 a enero de 2003

Saved in:
Bibliografiske detaljer
Institution som forfatter: Colegio de Contadores de Chile (Author)
Format: Bog
Sprog:spansk
Udgivet: Santiago Colegio de Contadores de Chile 2003
Serier:Compendio
Fag:
Tags: Tilføj Tag
Ingen Tags, Vær først til at tagge denne postø!

MARC

LEADER 00000nam a2200000 a 4500
001 UCL2947
003 CL-VaPUC
008 031107e20030000CL |||||||||||||||||spa|d
082 0 4 |a 657  |b COL  |2 21 
110 2 |a Colegio de Contadores de Chile  |e author  |9 480165 
245 1 0 |a Boletín técnico N§ 1 al boletín técnico N§ 73: desde enero de 1973 a enero de 2003 
300 |a pág. irreg 
942 |c BK 
945 |d 20031107 00:00:00  |a cmena 
260 |a Santiago  |b Colegio de Contadores de Chile  |c 2003 
650 0 |a Contabilidad   |9 261430 
650 0 |a Auditoría  |9 307008 
650 7 |a ESTADOS DE CUENTA  |2 CL-VaPUC  |9 351602 
583 |a last modification  |c 20031107 00:00:00  |k Rodrigo Vera 
490 0 |a Compendio 
999 |c 306110  |d 306108 
952 |0 0  |1 0  |4 0  |6 657_000000000000000_COL_2003  |7 0  |8 P  |9 370828  |a BIBGIM  |b BIBGIM  |d 2019-11-21  |i 3957624  |o 657 COL 2003  |p 3957624  |r 2025-01-15  |w 2019-11-21  |y BK  |k COM 
952 |0 0  |1 0  |4 0  |6 657_000000000000000_COL_2003  |7 0  |8 P  |9 370829  |a BIBGIM  |b BIBGIM  |d 2019-11-21  |i 3957632  |o 657 COL 2003  |p 3957632  |r 2025-01-15  |w 2019-11-21  |y BK  |k COM 
952 |0 0  |1 0  |4 0  |6 657_000000000000000_COL_2003  |7 0  |8 P  |9 370830  |a BIBGIM  |b BIBGIM  |d 2019-11-21  |i 3957640  |o 657 COL 2003  |p 3957640  |r 2025-01-15  |w 2019-11-21  |y BK  |k COM 
952 |0 0  |1 0  |4 0  |6 657_000000000000000_COL_2003  |7 0  |8 P  |9 370831  |a BIBGIM  |b BIBGIM  |d 2019-11-21  |i 3957659  |o 657 COL 2003  |p 3957659  |r 2025-01-15  |w 2019-11-21  |y BK  |k COM 
952 |0 0  |1 0  |4 0  |6 657_000000000000000_COL_2003  |7 0  |8 P  |9 370832  |a BIBGIM  |b BIBGIM  |d 2019-11-21  |i 3957667  |o 657 COL 2003  |p 3957667  |r 2025-01-15  |w 2019-11-21  |y BK  |k COM 
952 |0 0  |1 0  |4 0  |6 657_000000000000000_COL_2003  |7 0  |8 P  |9 370833  |a BIBGIM  |b BIBGIM  |d 2019-11-21  |i 3957675  |o 657 COL 2003  |p 3957675  |r 2025-01-15  |w 2019-11-21  |y BK  |k COM 
952 |0 0  |1 0  |4 0  |6 657_000000000000000_COL_2003  |7 0  |8 P  |9 370834  |a BIBGIM  |b BIBGIM  |d 2019-11-21  |i 3957683  |o 657 COL 2003  |p 3957683  |r 2025-01-15  |w 2019-11-21  |y BK  |k COM 
952 |0 0  |1 0  |4 0  |6 657_000000000000000_COL_2003  |7 0  |8 P  |9 370835  |a BIBGIM  |b BIBGIM  |d 2019-11-21  |i 3957691  |o 657 COL 2003  |p 3957691  |r 2025-01-15  |w 2019-11-21  |y BK  |k COM 
952 |0 0  |1 0  |4 0  |6 657_000000000000000_COL_2003  |7 0  |8 P  |9 370836  |a BIBGIM  |b BIBGIM  |d 2019-11-21  |i 3957705  |o 657 COL 2003  |p 3957705  |r 2025-01-15  |w 2019-11-21  |y BK  |k COM 
952 |0 0  |1 0  |4 0  |6 657_000000000000000_COL_2003  |7 0  |8 P  |9 370837  |a BIBGIM  |b BIBGIM  |d 2019-11-21  |i 3957713  |o 657 COL 2003  |p 3957713  |r 2025-01-15  |w 2019-11-21  |y BK  |k COM 
952 |0 0  |1 0  |4 0  |6 657_000000000000000_COL_2003  |7 0  |8 P  |9 370838  |a BIBGIM  |b BIBGIM  |d 2019-11-21  |i 3983412  |o 657 COL 2003  |p 3983412  |r 2025-01-15  |w 2019-11-21  |y BK  |k COM 
952 |0 0  |1 0  |4 0  |6 657_000000000000000_COL_2003  |7 0  |8 P  |9 370839  |a BIBGIM  |b BIBGIM  |d 2019-11-21  |i 3983420  |o 657 COL 2003  |p 3983420  |r 2025-01-15  |w 2019-11-21  |y BK  |k COM 
952 |0 0  |1 0  |4 0  |6 657_000000000000000_COL_2003  |7 0  |8 P  |9 370840  |a BIBGIM  |b BIBGIM  |d 2019-11-21  |i 3983439  |o 657 COL 2003  |p 3983439  |r 2025-01-15  |w 2019-11-21  |y BK  |k COM 
952 |0 0  |1 0  |4 0  |6 657_000000000000000_COL_2003  |7 0  |8 P  |9 370841  |a BIBGIM  |b BIBGIM  |d 2019-11-21  |i 4138317  |o 657 COL 2003  |p 4138317  |r 2025-01-15  |w 2019-11-21  |y BK  |k COM 
952 |0 0  |1 0  |4 0  |6 657_000000000000000_COL_2003  |7 0  |8 P  |9 370842  |a BIBGIM  |b BIBGIM  |d 2019-11-21  |i 4138325  |o 657 COL 2003  |p 4138325  |r 2025-01-15  |w 2019-11-21  |y BK  |k COM 
952 |0 0  |1 0  |4 0  |6 657_000000000000000_COL_2003  |7 0  |8 P  |9 370843  |a BIBGIM  |b BIBGIM  |d 2019-11-21  |i 4138333  |o 657 COL 2003  |p 4138333  |r 2025-01-15  |w 2019-11-21  |y BK  |k COM 
952 |0 0  |1 0  |4 0  |6 657_000000000000000_COL_2003  |7 0  |8 P  |9 370844  |a BIBGIM  |b BIBGIM  |d 2019-11-21  |i 4138341  |o 657 COL 2003  |p 4138341  |r 2025-01-15  |w 2019-11-21  |y BK  |k COM 
952 |0 0  |1 0  |4 0  |6 657_000000000000000_COL_2003  |7 0  |8 P  |9 370845  |a BIBGIM  |b BIBGIM  |d 2019-11-21  |i 413835K  |o 657 COL 2003  |p 413835K  |r 2025-01-15  |w 2019-11-21  |y BK  |k COM 
952 |0 0  |1 0  |4 0  |6 657_000000000000000_COL_2003  |7 0  |8 P  |9 370846  |a BIBGIM  |b BIBGIM  |d 2019-11-21  |i 4138368  |o 657 COL 2003  |p 4138368  |r 2025-01-15  |w 2019-11-21  |y BK  |k COM 
952 |0 0  |1 0  |4 0  |6 657_000000000000000_COL_2003  |7 0  |8 P  |9 370847  |a BIBGIM  |b BIBGIM  |d 2019-11-21  |i 4138376  |o 657 COL 2003  |p 4138376  |r 2025-01-15  |w 2019-11-21  |y BK  |k COM 
952 |0 0  |1 0  |4 0  |6 657_000000000000000_COL_2003  |7 0  |8 P  |9 370848  |a BIBGIM  |b BIBGIM  |d 2019-11-21  |i 4138384  |o 657 COL 2003  |p 4138384  |r 2025-01-15  |w 2019-11-21  |y BK  |k COM 
952 |0 0  |1 0  |4 0  |6 657_000000000000000_COL_2003  |7 0  |8 P  |9 370849  |a BIBGIM  |b BIBGIM  |d 2019-11-21  |i 4138392  |o 657 COL 2003  |p 4138392  |r 2025-01-15  |w 2019-11-21  |y BK  |k COM 
952 |0 0  |1 0  |4 0  |6 657_000000000000000_COL_2003  |7 0  |8 P  |9 370850  |a BIBGIM  |b BIBGIM  |d 2019-11-21  |i 4138406  |o 657 COL 2003  |p 4138406  |r 2025-01-15  |w 2019-11-21  |y BK  |k COM 
952 |0 0  |1 0  |4 0  |6 657_000000000000000_COL_2003  |7 0  |8 P  |9 370851  |a BIBGIM  |b BIBGIM  |d 2019-11-21  |i 4138414  |o 657 COL 2003  |p 4138414  |r 2025-01-15  |w 2019-11-21  |y BK  |k COM 
952 |0 0  |1 0  |4 0  |6 657_000000000000000_COL_2003  |7 0  |8 P  |9 370852  |a BIBGIM  |b BIBGIM  |d 2019-11-21  |i 4138422  |o 657 COL 2003  |p 4138422  |r 2025-01-15  |w 2019-11-21  |y BK  |k COM 
952 |0 0  |1 0  |4 0  |6 657_000000000000000_COL_2003  |7 0  |8 P  |9 370853  |a BIBGIM  |b BIBGIM  |d 2019-11-21  |i 4138430  |o 657 COL 2003  |p 4138430  |r 2025-01-15  |w 2019-11-21  |y BK  |k COM 
952 |0 0  |1 0  |4 0  |6 657_000000000000000_COL_2003  |7 0  |8 P  |9 370854  |a BIBGIM  |b BIBGIM  |d 2019-11-21  |i 4138449  |o 657 COL 2003  |p 4138449  |r 2025-01-15  |w 2019-11-21  |y BK  |k COM 
952 |0 0  |1 0  |4 0  |6 657_000000000000000_COL_2003  |7 0  |8 P  |9 370855  |a BIBGIM  |b BIBGIM  |d 2019-11-21  |i 4138457  |o 657 COL 2003  |p 4138457  |r 2025-01-15  |w 2019-11-21  |y BK  |k COM 
952 |0 0  |1 0  |4 0  |6 657_000000000000000_COL_2003  |7 0  |8 P  |9 370856  |a BIBGIM  |b BIBGIM  |d 2019-11-21  |i 4366964  |o 657 COL 2003  |p 4366964  |r 2025-01-15  |w 2019-11-21  |y BK  |k COM